Statistiques concernant Café Nespresso

Cliquez ici pour prendre le quiz!

Statistiques générales

  • Ce quiz a été pris 14 fois
    (11 depuis la dernière actualisation)
  • Le résultat moyen est 33 sur 84

Statistiques - réponses

IntensitéNote aromatiquegammeTailleComparaisonprixCafe% Correct
5FruitéesCompostableEPeru0,52Peru Organic
100%
8Cacao, boiséesCompostableEArpeggio0,45Sicilia
100%
9CerealesEspresso VLE0,44Altissio
50%
9Cereales/ sans CafeineEspresso VLE0,44Altissio Deca
50%
5Biscuit, fruit jauneCompostableEVolluto0,45Aosta
50%
9CacaoItalia OLR-E0,43Arpeggio
50%
9CacaoDeca OLE0,46Arpeggio Deca
50%
5CéréalesJoyeuxE-L0,49Café Joyeux
50%
5CéréalesEspressoE0,43Capriccio
50%
NACaramelBarista OLL0,49Caramello
50%
8BoisésDouble espressoDE0,54Chiaro
50%
NABiscuitBarista OLRecettes0,49Chiaro
50%
5Fruits rougesMaster Origins VLM0,69Colombia
50%
6Fruitées, fleuriesMaster Origins OLE-L0,49Colombia
50%
7Céréales grillés, noixReviving Origins OLE-L0,69Congo
50%
6Céréales/ FruitésRevining Origins VLM0,93Congo
50%
NAEpicesBarista OLRecettes0,49Corto
50%
4Fruitées, céréalesEspressoE0,43Cosi
50%
7MaltesMaster Origins VLL0,59Costa rica
50%
8Boisés FumésRevining Origins VLM2,10Cuba
50%
10Boisées/ Fumées/ CacaoReviving Origins OLE-L1,30Cuba
50%
8Céréales, fruits jaunesCompostableEDeca0,48Decaffeinato
50%
11Bois de chêneEspresso VLE0,44Diavolitto
50%
5CéréalesDouble espressoDE0,54Dolce
50%
7Caramel, céréales grilléesCompostableERoma0,45Emilia
50%
8Cacao/ Bois de chêneGran Lungo VLL0,54Fortado
50%
8sans cafeine/ Cacao/ Bois de chêneGran Lungo VLL0,54Fortado Deca
50%
6CéréalesSpecial Reserve OLE1,50Galapagos
50%
6Fruitées mangue tropicaleSpecial Reserve OLE1,50Hawai Kona
50%
11BoisésEspresso VLE0,44Il Caffé
50%
11EpicesMaster Origins OLE-L0,49India
50%
8BoiséesMaster Origins OLE-L0,52Indonesia
50%
12EpiceItalia OLR-E0,43Kazaar
50%
6CaramelItalia OLE0,43Livanto
50%
6CéréalesMugM0,64Melozio
50%
6Céréales/ Sans CaféineMugM0,64Melozio Deca
50%
13Intensément torréfiésItalia OLR-E0,46Napoli
50%
NANoisettesBarista OLL0,49Nocciola
50%
6Fleur d'orangerSpecial Reserve OLE2,50Numéro 20
50%
6Caramel/ GrillésEspresso VLE0,44Orafio
50%
6Céréales, BiscuitsWorld Explorations OLE0,46Paris
50%
6FruitéesMaster Origins OLE-L0,52Peru
50%
6FruitesMaster Origins VLE0,52Peru
50%
6FruitéEspresso VLE0,52Peru Organic
50%
9Herbes aromatique, EpicesWorld Explorations OLE0,46Rio
50%
10Intensément torréfiésItalia OLR-E0,43Ristretto
50%
10Intensément torréfiésDeca OLE0,46Ristretto Deca
50%
NANoisetteBarista VLM0,64Roasted Hazelnut
50%
NACéréalesBarista OLRecettes0,49Scuro
50%
11Fumés/ CacaoDouble espressoDE0,54Scuro
50%
5Fruités, AcidesWorld Explorations OLL0,46Shanghai
50%
2Fruits rougesMugM0,64Solelio
50%
8Maltées / grilléesWorld Explorations OLL0,46Stockholm
50%
NAVanilleBarista VLM0,64Sweet Vanilla
50%
5Baies/ TaninEspresso VLE0,44Toccanto
50%
6FleuriesWorld Explorations OLL0,46Tokyo
50%
NAVanilleBarista OLL0,49Vaniglia
50%
8CaramelItalia OLR-E0,46Venezia
50%
6CéréalesWorld Explorations OLL0,46Vienna
50%
4BiscuitéesEspressoE0,43Volluto
50%
4BiscuitéesDeca OLE0,46Volluto Deca
50%
4BiscuitEspresso VLE0,44Voltesso
50%
5Fruits rougeRevining Origins VLE0,70Zimbabwe
50%
5Fruits RougesReviving Origins OLE-LColombia/ Shanghai0,67Zimbabwe
50%
6CéréalesGran Lungo VLL0,54Arondio
0%
4Céréales, NoixWorld Explorations OLL0,46Buenos Aires
0%
NAEpices et agrumesNoel VLM0,69Delight Spices
0%
NACaramelisésBarista VLRecette0,54Doppio
0%
4Fruités/ FleuriesMaster Origins VLL0,62Ethiopia
0%
4FleuriesMaster Origins OLE-L0,52Ethiopia
0%
7boisés/ EpicésNoel VLDE0,59Festive Black
0%
NAIntenseBarista VLM0,64Forte
0%
NABiscuit au caramelNoel VLM0,69Frosted Caramel
0%
NACaramelBarista VLM0,64Golden Caramel
0%
5BiscuitésMugM0,64Half Caffeinato
0%
4FleuriesGran Lungo VLL0,54Inizio
0%
9Grillés/ Sucre BrunMugM0,64Intenso
0%
8Fruitées, grilléesWorld Explorations OLE0,46Istanbul
0%
7BoisésMaster Origins VLM0,69Mexico
0%
5MielMaster Origins OLE-L0,49Nicaragua
0%
7Céréales / FruitésMugM0,64Odacio
0%
NABarista VLE0,44Piccolo
0%
8BoiséesItalia OLR-E0,43Roma
0%
8Epicées/ BoisésMugM0,64Stormio
0%

Distribution des résultats

Percentile par nombre de réponses

% des personnes avec chaque résultat

Votre développement - résultats

Vous n’avez pas pris ce quiz depuis la dernière actualisation